| 000 | 00000nas 2200000zi 4500 |
| 001 | 9.925946 |
| 003 | CaOODSP |
| 005 | 20250910142447 |
| 006 | m o d f |
| 007 | cr cn |||||||| |
| 008 | 230804c20119999onctr p o f0###b0fre|d |
| 022 | |a2816-8240 |
| 040 | |aCaOODSP|bfre|erda|cCaOODSP |
| 043 | |an-cn--- |
| 086 | 1 |aD12-28F-PDF |
| 110 | 1 |aCanada. |bMinistère de la défense nationale, |eauteur, |eorganisme de publication. |
| 222 | 0|aRapport financier trimestriel (RFT) pour le trimestre terminé le ... |
| 245 | 10|aRapport financier trimestriel (RFT) pour le trimestre terminé le ... / |cDéfense nationale. |
| 246 | 3 |aRapport financier trimestriel pour le trimestre terminé le ... |
| 264 | 1|a[Ottawa] : |bDéfense nationale, |c[2011]- |
| 310 | |aTrois fois par année |
| 336 | |atexte|btxt|2rdacontent/fre |
| 337 | |ainformatique|bc|2rdamedia/fre |
| 338 | |aressource en ligne|bcr|2rdacarrier/fre |
| 362 | 1 |aParaît depuis : 30 juin 2011. |
| 500 | |aPublié aussi en anglais sous le titre : Quarterly financial report (QFR) for the quarter ended ... |
| 515 | |aLes livraisons de 30 juin 2011-31 décembre 2021 sont disponibles en format HTML seulement. |
| 588 | |aDescription d'après : 30 juin 2011; titre de l'en-tête de la version HTML. |
| 588 | |aDernière livraison consultée : 31 décembre 2022. |
| 610 | 16|aCanada. |bMinistère de la défense nationale|xFinance|vPériodiques. |
| 650 | 6|aFinances publiques|zCanada|vPériodiques. |
| 655 | 7|aPériodiques|2rvmgf |
| 775 | 08|tQuarterly financial report (QFR) for the quarter ended ... / |w(CaOODSP)9.925947 |
| 856 | 40|qHTML|sS.O.|uhttps://www.canada.ca/fr/ministere-defense-nationale/organisation/rapports-publications/financier-trimestriel.html |